SIR DEAN EXCLUSIVE MAN : (Record no. 203563)

MARC details
000 -LEADER
fixed length control field 00805nam a2200241 i 4500
005 - DATE AND TIME OF LATEST TRANSACTION
control field 20260330102417.0
008 - FIXED-LENGTH DATA ELEMENTS--GENERAL INFORMATION
fixed length control field 260330s2025 my gr 000 f may d
020 ## - INTERNATIONAL STANDARD BOOK NUMBER
International Standard Book Number 9786299937760
Terms of availability RM35.00
Qualifying information paperback
040 ## - CATALOGING SOURCE
Original cataloging agency PPAK
Language of cataloging eng
Transcribing agency PPAK
Description conventions rda
082 04 - DEWEY DECIMAL CLASSIFICATION NUMBER
Edition number 23
Classification number 899.2333
090 00 - LOCALLY ASSIGNED LC-TYPE CALL NUMBER (OCLC); LOCAL CALL NUMBER (RLIN)
Classification number (OCLC) (R) ; Classification number, CALL (RLIN) (NR) 899.2333
Feature heading FAR
Feature heading G
100 0# - MAIN ENTRY--PERSONAL NAME
Personal name Farra Farisha,
Relator term author.
245 10 - TITLE STATEMENT
Title SIR DEAN EXCLUSIVE MAN :
Remainder of title Cinta Awak Hanya Untuk Saya /
Statement of responsibility, etc. Farra Farisha ; Editor : Ude Nora
264 #1 - PRODUCTION, PUBLICATION, DISTRIBUTION, MANUFACTURE, AND COPYRIGHT NOTICE
Place of production, publication, distribution, manufacture Puchong, Selangor :
Name of producer, publisher, distributor, manufacturer PENA SENI PUBLICATION RESOURCES,
Date of production, publication, distribution, manufacture, or copyright notice [2025?]
300 ## - PHYSICAL DESCRIPTION
Extent 513 pages ;
Dimensions 21 cm
336 ## - CONTENT TYPE
Content type term text
Source rdacontent
337 ## - MEDIA TYPE
Media type term unmediated
Source rdamedia
338 ## - CARRIER TYPE
Carrier type term volume
Source rdacarrier
650 10 - SUBJECT ADDED ENTRY--TOPICAL TERM
Topical term or geographic name entry element Malay fiction
Topical term or geographic name entry element Malaysian fiction (Malay)
700 0# - ADDED ENTRY--PERSONAL NAME
Personal name Ude Nora,
Relator term editor.
942 ## - ADDED ENTRY ELEMENTS (KOHA)
Source of classification or shelving scheme Dewey Decimal Classification
Koha item type Book
Holdings
Withdrawn Not for loan Current library Shelving location Date acquired Total Checkouts Full call number Barcode Date last seen Koha item type
    Perpustakaan Alor Setar Pinjaman Dewasa 01/04/2026   899.2333 FAR A01911640 01/04/2026 Book
    Perpustakaan Awam Sungai Petani Pinjaman Dewasa 01/04/2026   899.2333 FAR A01911641 01/04/2026 Book
    Perpustakaan Baling Pinjaman Dewasa 01/04/2026   899.2333 FAR A01911645 01/04/2026 Book
    Perpustakaan Bandar Baharu Pinjaman Dewasa 01/04/2026   899.2333 FAR A01911646 01/04/2026 Book
    Perpustakaan Jitra Pinjaman Dewasa 01/04/2026   899.2333 FAR A01911642 01/04/2026 Book
    Perpustakaan Kulim Pinjaman Dewasa 01/04/2026   899.2333 FAR A01911644 01/04/2026 Book
    Perpustakaan Langkawi Pinjaman Dewasa 01/04/2026   899.2333 FAR A01911643 01/04/2026 Book